Lo sonoro en el ritual catedralicio (Record no. 3234)

MARC details
000 -CABECERA
campo de control de longitud fija 00746nam a2200205 a 4500
001 - NÚMERO DE CONTROL
campo de control BRCA_3499
005 - FECHA Y HORA DE LA ÚLTIMA TRANSACCIÓN
campo de control 20190320204317.0
008 - DATOS DE LONGITUD FIJA--INFORMACIÓN GENERAL
campo de control de longitud fija 071203s2007 mx-a---##b---#100-0#spa-d
041 ## - CÓDIGO DE LENGUA
Código de lengua del texto/banda sonora o título independiente spa
044 ## - CÓDIGO DEL PAÍS DE LA ENTIDAD EDITORA/PRODUCTORA
Código MARC del país mx
050 #4 - SIGNATURA TOPOGRÁFICA DE LA BIBLIOTECA DEL CONGRESO
Número de clasificación ML3015
Número de documento/Ítem .D53 2007
100 1# - ENTRADA PRINCIPAL--NOMBRE DE PERSONA
Nombre de persona Díaz Cayeros, Patricia
9 (RLIN) 9104
245 10 - MENCIÓN DE TÍTULO
Título Lo sonoro en el ritual catedralicio
Resto del título Iberoamérica, siglos XVI-XIX
Mención de responsabilidad, etc. edición a cargo de Patricia Díaz Cayeros.
260 ## - PUBLICACIÓN, DISTRIBUCIÓN, ETC.
Lugar de publicación, distribución, etc. Guadalajara, México
Nombre del editor, distribuidor, etc. UNAM : Universidad de Guadalajara
Fecha de publicación, distribución, etc. 2007
300 ## - DESCRIPCIÓN FÍSICA
Extensión 156 p.
Otras características físicas il.
Dimensiones 23 cm.
500 ## - NOTA GENERAL
Nota general Segundo Coloquio Musicat: Oaxaca 22 - 24 Noviembre, 2005
650 14 - PUNTO DE ACCESO ADICIONAL DE MATERIA--TÉRMINO DE MATERIA
Término de materia o nombre geográfico como elemento de entrada Música de iglesia
Subdivisión de forma Congresos
Subdivisión geográfica México
9 (RLIN) 9105
650 14 - PUNTO DE ACCESO ADICIONAL DE MATERIA--TÉRMINO DE MATERIA
Término de materia o nombre geográfico como elemento de entrada Música de iglesia
Subdivisión de forma Congresos
Subdivisión general Iglesia católica
9 (RLIN) 9106
942 ## - ELEMENTOS DE PUNTO DE ACCESO ADICIONAL (KOHA)
Fuente del sistema de clasificación o colocación Library of Congress Classification
Tipo de ítem Koha Libros
Holdings
Estado de retiro Estado de pérdida Estado dañado No para préstamo Localización permanente Ubicación/localización actual Fecha de adquisición Total de préstamos Signatura topográfica completa Código de barras Fecha visto por última vez Precio válido a partir de Tipo de ítem Koha
El ejemplar forma parte de la colección y puede ser consultado según las políticas vigentes.       Biblioteca del Museo Franz Mayer (Rogerio Casas-Alatriste) Biblioteca del Museo Franz Mayer (Rogerio Casas-Alatriste) 24/07/2009   ML3015 .D53 2007 01266 22/03/2019 22/03/2019 Libros